ბათუმის შოთა რუსთაველის სახელმწიფო უნივერსიტეტის ბიბლიოთეკა

ქართული ენის, რუსული ენისა და არითმეტიკის სწავლების საკითხები დაწყებით სკოლაში / (ბიბ.ჩანაწერი № 53277)

000 -ლიდერი
ფიქსირებული სიგრძის საკონტროლო ველი 01971nam a2200289Ia 4500
001 - საკონტროლო ნომერი
საკონტროლო ველი 20318
003 - საკონტროლო ნომრის იდენტიფიკატორი
საკონტროლო ველი GE_BSU
005 - ბოლო ოპერაციის თარიღი და დრო
საკონტროლო ველი 20200907185813.0
008 - ფიქსირებული სიგრძის მონაცემთა ელემენტები - ზოგადი ინფორმაცია
ფიქსირებული სიგრძის საკონტროლო ველი 181216s1949||||ge |||||||||||||| ||geo||
040 ## - კატალოგიზაციის წყარო
Transcribing agency GE_BSU
041 ## - ენის კოდი
Language code of text/sound track or separate title geo
080 ## - უნივერსალური ათობითი კლასიფიკაციის ინდექსი
Universal Decimal Classification number 373.3 ქ-27
245 ## - ცნობა სათაურის შესახებ
Title ქართული ენის, რუსული ენისა და არითმეტიკის სწავლების საკითხები დაწყებით სკოლაში /
Statement of responsibility, etc მ.თალაკვაძე, ვ. რამიშვილი, ვ. ავალიანი, შ. ჯაფარიძე, ი. ტეინბერგი ; რედ. პ.კეკელიძე, ა.ფურცელაძე, ა.მიქაძე.
264 ## - წარმოების, გამოცემის, დისტრიბუციის და სხვა ცნობები
გამოცემის, წარმოების, დისტრიბუციის... ადგილი თბილისი :
გამოცემის, წარმოების, დისტრიბუციის... სახელწოდება საქართველოს სსრ პედაგოგიურ მეცნიერებათა ინსტიტუტის გამ-ბა,
გამოცემის, წარმოების, დისტრიბუციის... თარიღი 1949.
300 ## - ფიზიკური აღწერა
Extent 371 გვ. ;
Dimensions 22 სმ.
653 ## - INDEX TERM--UNCONTROLLED
Uncontrolled term სწავლების პირველი საფეხური დაწყებითი სკოლა
653 ## - INDEX TERM--UNCONTROLLED
Uncontrolled term ქართული ენის
653 ## - INDEX TERM--UNCONTROLLED
Uncontrolled term რუსული ენისა და არითმეტიკის სწავლები
700 ## - ADDED ENTRY--PERSONAL NAME
Personal name თალაკვაძე, მ.
Relator term ავტორი
9 (RLIN) 3133
700 ## - ADDED ENTRY--PERSONAL NAME
Personal name რამიშვილი, მ.
Relator term ავტორი
9 (RLIN) 9426
700 ## - ADDED ENTRY--PERSONAL NAME
Personal name ავალიანი, ნ.
Relator term ავტორი
9 (RLIN) 9427
700 ## - ADDED ENTRY--PERSONAL NAME
Personal name ჯაფარიძე, ვ.
Relator term ავტორი
9 (RLIN) 9428
700 ## - ADDED ENTRY--PERSONAL NAME
Personal name შტეინბერგი, ი.
Relator term ავტორი
9 (RLIN) 9429
710 ## - ADDED ENTRY--CORPORATE NAME
Corporate name or jurisdiction name as entry element საქართველოს სსრ პედაგოგიურ მეცნიერებათა ინსტიტუტი
9 (RLIN) 9430
942 ## - ADDED ENTRY ELEMENTS (KOHA)
Koha item type წიგნი
Source of classification or shelving scheme
ეგზემპლარები
ჩამოწერის სტატუსი დაკარგული ეგზემპლარის სტატუსი კლასიფიკაციის წყარო ან თაროზე გაწყობის სქემა დაზიანების სტატუსი არ გაიცემა მუდმივი მდებარეობა (დაცვის ადგილი) ამჟამინდელი ადგილსამყოფელი თაროზე განთავსების ადგილი შეძენის თარიღი ღირებულება, შესყიდვის ნორმალური ფასი სრული შენახვის შიფრი შტრიხკოდი ბოლო ოპერაციის თარიღი ეგზემპლარის მიმდევრობითი ნომერი (კეტერი?) ფასის ძალაში შესვლის თარიღი ეგზემპლარის სახეობა საჯარო შენიშვნა
          ბათუმის შოთა რუსთაველის სახელმწიფო უნივერსიტეტის მთავარი ბიბლიოთეკა ბათუმის შოთა რუსთაველის სახელმწიფო უნივერსიტეტის მთავარი ბიბლიოთეკა წიგნსაცავი 2018-12-17 0.46 373.3 ქ-27 53094 2018-12-17 53094 2018-12-17 წიგნი 0.46 ლ.
          ბათუმის შოთა რუსთაველის სახელმწიფო უნივერსიტეტის მთავარი ბიბლიოთეკა ბათუმის შოთა რუსთაველის სახელმწიფო უნივერსიტეტის მთავარი ბიბლიოთეკა წიგნსაცავი 2018-12-17 0.46 373.3 ქ-27 53095 2018-12-17 53095 2018-12-17 წიგნი 0.46 ლ.
          ბათუმის შოთა რუსთაველის სახელმწიფო უნივერსიტეტის მთავარი ბიბლიოთეკა ბათუმის შოთა რუსთაველის სახელმწიფო უნივერსიტეტის მთავარი ბიბლიოთეკა წიგნსაცავი 2018-12-17 0.46 373.3 ქ-27 53096 2018-12-17 53096 2018-12-17 წიგნი 0.46 ლ.
          ბათუმის შოთა რუსთაველის სახელმწიფო უნივერსიტეტის მთავარი ბიბლიოთეკა ბათუმის შოთა რუსთაველის სახელმწიფო უნივერსიტეტის მთავარი ბიბლიოთეკა წიგნსაცავი 2018-12-17 0.46 373.3 ქ-27 53097 2018-12-17 53097 2018-12-17 წიგნი 0.46 ლ.
          ბათუმის შოთა რუსთაველის სახელმწიფო უნივერსიტეტის მთავარი ბიბლიოთეკა ბათუმის შოთა რუსთაველის სახელმწიფო უნივერსიტეტის მთავარი ბიბლიოთეკა წიგნსაცავი 2018-12-17 0.46 373.3 ქ-27 53093 2018-12-17 53093 2018-12-17 წიგნი 0.46 ლ.